Statistics for Biggest Oil and Gas Companies

Click here to take the quiz!

General Stats

  • This quiz has been taken 101 times
  • The average score is 7 of 15

Answer Stats

CountryCompany% Correct
Netherlands/UKRoyal Dutch Shell
91%
UKBP
88%
United StatesExxon Mobil
82%
United StatesChevron
61%
Saudi ArabiaSaudi Aramco
52%
FranceTotal SA
52%
BrazilPetrobras
40%
ChinaSinopec
35%
ItalyEni
31%
RussiaLukoil
31%
ChinaPetroChina
29%
VenezuelaPDVSA
16%
KuwaitKuwait Petroleum
15%
United StatesValero Energy
15%
ChinaChina National Petroleum Corporation
13%

Score Distribution

Percentile by Number Answered

Percent of People with Each Score

Your Score History

You have not taken this quiz